=LDR 00000nam 2200000 4500 =001 INLIS000000000006770 =005 20251114085945 =035 ##$$a 0010-1125000644 =007 ta =008 251114###########################0#ind## =082 ##$$a 338.9 =084 ##$$a 338.9 WAL p =100 #$$a Walter Bor =245 1#$$a Planning and Development in Developing Countries /$c Badan Koordinasi Keluarga Berencana Nasional =260 ##$:$b Badan Koordinasi Keluarga Berencana Nasional,$c 1981 =300 ##$$a 4 Hal : $b Ilus ; $c 21 =650 #4$$a Keluarga Berencana =856 ##$$a Perpustakaan Kemendukbangga